000 01167cab a2200217 4500
001 ABS67641
008 040309n2004 000 0 eng u
035 _a(Sirsi) u125385
100 _aMurdoch, S.
245 2 _aA valid application
260 _c2004
490 _aEstates Gazette
_v(0408) 21 February 2004, 133(1)
520 _aDiscusses a recent case "Norwich Union Linked Life Assurance v Mercantile Credit Co Ltd" ([2003] EWHC 3064 (Ch), [2004] 04 EG 109(1) (CS)) which questions the validity of a tenant's application to sublet. There is no implied requirement that an application for consent to a subletting must contain details of the proposed sub-rent. Copying an application for your information to the landlord's agent does not amount to service. Where a technically invalid application is processed by the landlord's agent, there can be no subsequent complaint about its validity.
590 _aABS
650 _aNORWICH UNION LINKED LIFE ASSURANCE V MERCANTILE CREDIT CO LTD
650 _aSUBLETTING OF PREMISES
650 _aLANDLORDS CONSENT
650 _aVALIDITY OF NOTICE
690 _aLANDLORD AND TENANT-LEASES-CASE LAW
942 _n0
999 _c74256
_d74256